Les vainqueurs de la LDC - Statistiques

Statistiques générales
  • Ce quiz a été pris 2 353 fois
  • Le résultat moyen est 27 sur 69
Statistiques - réponses
Année Vainqueur Finaliste % Correct
2024 Real Madrid Borussia Dortmund
100%
2023 Manchester City Inter Milan
96%
2022 Real Madrid Liverpool
94%
2020 Bayern Munich PSG
92%
2018 Real Madrid Liverpool
89%
2016 Real Madrid Atletico Madrid
89%
2021 Chelsea Manchester City
88%
2017 Real Madrid Juventus
88%
2019 Liverpool Tottenham
86%
2014 Real Madrid Atletico Madrid
85%
2015 Barcelone Juventus
83%
2013 Bayern Munich Borussia Dortmund
81%
2011 Barcelone Manchester United
72%
2009 Barcelone Manchester United
69%
2012 Chelsea Bayern Munich
69%
2008 Manchester United Chelsea
65%
2010 Inter Milan Bayern Munich
63%
2007 AC Milan Liverpool
62%
2006 Barcelone Arsenal
57%
2005 Liverpool AC Milan
53%
1993 OM AC Milan
51%
2004 Porto Monaco
50%
2002 Real Madrid Leverkusen
50%
1956 Real Madrid Reims
42%
2003 AC Milan Juventus
40%
1959 Real Madrid Reims
40%
1958 Real Madrid AC Milan
40%
1957 Real Madrid Fiorentina
40%
2000 Real Madrid Valence
39%
1960 Real Madrid Eintracht Francfort
38%
2001 Bayern Munich Valence
33%
1998 Real Madrid Juventus
33%
1999 Manchester United Bayern Munich
29%
1994 AC Milan Barcelone
26%
1997 Borussia Dortmund Juventus
26%
1996 Juventus Ajax
24%
1991 Etoile Rouge de Belgrade OM
23%
1995 Ajax AC Milan
22%
1992 Barcelone Sampdoria
22%
1961 Benfica Barcelone
22%
1962 Benfica Real Madrid
21%
1990 AC Milan Benfica
19%
1976 Bayern Munich Saint-Etienne
18%
1989 AC Milan Steaua Bucarest
17%
1973 Ajax Juventus
17%
1972 Ajax Inter Milan
17%
1971 Ajax Panathinaikos
17%
1966 Real Madrid Partizan Belgrade
17%
1980 Nottingham Forrest Hambourg
16%
1979 Nottingham Forrest Malmo
16%
1974 Bayern Munich Atletico Madrid
15%
1963 AC Milan Benfica
14%
1982 Aston Villa Bayern Munich
14%
1975 Bayern Munich Leeds United
14%
1964 Inter Milan Real Madrid
14%
1965 Inter Milan Benfica
13%
1985 Juventus Liverpool
13%
1981 Liverpool Real Madrid
13%
1988 PSV Eindhoven Benfica
13%
1967 Celtic Glasgow Inter Milan
12%
1984 Liverpool Rome
12%
1978 Liverpool Club Bruges
12%
1977 Liverpool Borussia Monchengladbach
12%
1969 AC Milan Ajax
11%
1983 Hambourg Juventus
11%
1987 Porto Bayern Munich
11%
1968 Manchester United Benfica
10%
1986 Steaua Bucarest Barcelone
10%
1970 Feyenoord Celtic Glasgow
9%
Aucun quiz correspondant
Distribution des résultats
% des personnes avec chaque résultat
Percentile par nombre de réponses
Votre historique - résultats
Vous n’avez pas pris ce quiz